| 000 -CABECERA |
| fixed length control field |
01637nam a22002417a 4500 |
| 003 - IDENTIFICADOR DEL NÚMERO DE CONTROL |
| control field |
AR-CdUCM |
| 008 - DATOS DE LONGITUD FIJA--INFORMACIÓN GENERAL |
| fixed length control field |
190321b ||||| |||| 00| 0 spa d |
| 040 ## - FUENTE DE LA CATALOGACIÓN |
| Agencia/entidad que catalogó originalmente la obra |
MUNICIPALIDAD PROVINCIAL DEL CUSCO |
| Entidad que transcribió la catalogación |
BIBLIOTECA MUNICIPAL DEL CUSCO |
| 082 ## - NÚMERO DE LA CLASIFICACIÓN DECIMAL DEWEY |
| No. de Clasificación |
985.008 / |
| Notacion interna |
C73 |
| No. de la edición |
1971 |
| 110 ## - ENTRADA PRINCIPAL--NOMBRE DE ENTIDAD CORPORATIVA |
| Nombre de la institución, jurisdicción como entrada principal |
Comisión nacional del Sesquicentenario de la Independencia del Perú |
| 9 (RLIN) |
23195 |
| 245 ## - MENCIÓN DE TÍTULO |
| Título |
La acción patriótica del pueblo en la emancipación guerrillas y montoneras / |
| Mención de responsabilidad |
Investigación, recopilación y prologo por Ella Dumbar Temple |
| 260 ## - PUBLICACIÓN, DISTRIBUCIÓN, ETC. |
| Lugar de publicación, distribución, etc. |
Lima : |
| Nombre de la editorial, distribuidor, etc. |
Comisión nacional del Sesquicentenario de la Independencia del Perú, |
| Fecha de publicación, distribución, etc. |
1971. |
| 300 ## - DESCRIPCIÓN FÍSICA |
| Nº de Páginas Extensión |
6 volúmenes ; |
| Dimensiones |
24 cm. |
| 440 ## - MENCIÓN DE SERIE/PUNTO DE ACCESO ADICIONAL--TÍTULO |
| Título |
Colección documental de la independencia del Perú. |
| 9 (RLIN) |
21856 |
| 505 ## - NOTA DE CONTENIDO CON FORMATO |
| Nota de contenido formateada |
Contenido: v.1. Documento. Cuadernillo de cuentas de Francisco de Paula Otero. Carta sin firma de Francisco de Paula. Resumen histórico de las operaciones realizadas en el Alto Perú contra insurgentes... -- v.2. Documento. Causa seguida por Tadeo Tellez por su separación de comandante de guerrillas de Huánuco... -- v.3. Documento. José Fernández Prada a Tomás Guido comunica haber llegado sin novedad y que los enemigos se han reunido en Jauja. v.4. Tadeo Téllez al comandante general de la Costa Sur Federico Brandsen ...v.5. Isidora Villar al Ministro de Guerra y Marina ... v.6. Jose María Fresco a Francisco de Paula Otero. |
| 650 ## - PUNTO DE ACCESO ADICIONAL DE MATERIA--TÉRMINO DE MATERIA |
| Descriptor |
Perú colecciones |
| 9 (RLIN) |
21842 |
| 650 ## - PUNTO DE ACCESO ADICIONAL DE MATERIA--TÉRMINO DE MATERIA |
| Descriptor |
Independencia peruana |
| 9 (RLIN) |
23196 |
| 650 ## - PUNTO DE ACCESO ADICIONAL DE MATERIA--TÉRMINO DE MATERIA |
| Descriptor |
Emancipación peruana |
| 9 (RLIN) |
15981 |
| 650 ## - PUNTO DE ACCESO ADICIONAL DE MATERIA--TÉRMINO DE MATERIA |
| Descriptor |
Fuentes históricas |
| 9 (RLIN) |
5903 |
| 700 ## - PUNTO DE ACCESO ADICIONAL--NOMBRE DE PERSONA |
| Nombre Personal |
Dunbar Temple, Ella |
| 9 (RLIN) |
23197 |
| 942 ## - ELEMENTOS DE PUNTO DE ACCESO ADICIONAL (KOHA) |
| Fuente de clasificación |
|
| Tipo de item |
Libros-BMC |
| 945 ## - PROCESAMIENTO DE INFORMACIÓN LOCAL (OCLC) |
| Catalogador |
rac |